000 00478nam a2200157 i 4500
001 61618
003 ES-MaACL
005 20230906164514.0
007 t|
008 031113s1970 sp ||||1| cat d
100 1 _aFábregas y Barri, Esteban.
_948563
245 1 0 _aJosep de Togores
_b: l'obra, l'home, l'epoca (1893-1970) /
_cEsteve Fabregas i Barri.
260 _aBarcelona :
_bA dos,
_c[1970]
300 _a254 p., 15 lám. ;
_c22 cm.
852 _aES-MaACL
_jC-44725
_bR.75607
999 _c61618
_d61618